| Поле | Инд. | ПП | Название | Значение |
|---|---|---|---|---|
| Тип записи | a | |||
| Библиографический уровень | m | |||
| 001 | Контрольный номер | 004dfce1-6757-4b00-ac7e-dbf843e41674 | ||
| 005 | Дата корректировки | 20140703154209.3 | ||
| 008 | Кодируемые данные | 070530 | ||
| 020 | c | Цена, тираж | 40.00 | |
| 040 | a | Служба первич. каталог. | НБ ТвГУ | |
| 041 | a | Код языка текста | rus | |
| 080 | a | Индекс УДК | 330.47 | |
| 084 | a | Индекс другой классификации/Индекс ББК | У.с51 | |
| a | Индекс другой классификации/Индекс ББК | У.ф1 | ||
| a | Индекс другой классификации/Индекс ББК | У.в631 | ||
| 090 | a | Полочн. индекс | У.с51 | |
| x | Авторский знак | В74 | ||
| 245 | 10 | a | Заглавие | Вопросы теории и практики автоматизированной обработки экономической информации |
| b | Продолж. заглавия | сборник научных трудов | ||
| c | Ответственность | Твер. гос. ун-т ; [отв. ред. В. Б. Реут] | ||
| 260 | 0_ | a | Место издания | Тверь |
| b | Издательство | Тверской государственный университет | ||
| c | Дата издания | 2006 | ||
| 300 | a | Объем | 72, [1] с. | |
| b | Иллюстрации/ тип воспроизводства | табл. | ||
| 504 | a | Библиография | Библиогр. в примеч. в конце некоторых ст. | |
| 583 | a | Действие | Получение впервые 122 01.06.2007 | |
| k | Исполнитель действия | Дар экономического фак-та ТвГУ | ||
| 650 | a | Основная рубрика | Экономическая информация | |
| x | Основная подрубрика | Обработка автоматизированная | ||
| 650 | a | Основная рубрика | Экономика | |
| x | Основная подрубрика | Информационные системы | ||
| x | Основная подрубрика | Информационные технологии | ||
| x | Основная подрубрика | Математические методы | ||
| 650 | a | Основная рубрика | Автоматизированные информационные системы | |
| 653 | a | Ключевые слова | Автоматизированные информационные системы | |
| a | Ключевые слова | Информационные технологии | ||
| a | Ключевые слова | Математическая экономика | ||
| a | Ключевые слова | Математические методы | ||
| a | Ключевые слова | Сборники | ||
| a | Ключевые слова | Труды Тверского государственного университета | ||
| a | Ключевые слова | Экономика | ||
| a | Ключевые слова | Экономическая информация | ||
| 700 | 1_ | a | Другие авторы | Реут Владимир Борисович |
| e | Роль лиц | отв. ред., авт. ст. | ||
| 700 | 1_ | a | Другие авторы | Шукурьян Степан Иванович |
| e | Роль лиц | авт. ст. | ||
| 700 | 1_ | a | Другие авторы | Васильев Александр Анатольевич |
| e | Роль лиц | авт. ст. | ||
| 700 | 1_ | a | Другие авторы | Васильева Екатерина Васильевна |
| e | Роль лиц | авт. ст. | ||
| 700 | 1_ | a | Другие авторы | Пальцева Галина Николаевна |
| e | Роль лиц | авт. ст. | ||
| 700 | 1_ | a | Другие авторы | Мельникова Ирина Михайловна |
| e | Роль лиц | авт. ст. | ||
| 700 | 1_ | a | Другие авторы | Заболоцкая Татьяна Афанасьевна |
| e | Роль лиц | авт. ст. | ||
| 710 | a | Организация/ юрисдикция | Тверской государственный университет | |
| 852 | t | Порядковый номер экземпляра | 2 | |
| p | Инвентарный номер | 876491 | ||
| p | Инвентарный номер | 876492 | ||
| 888 | a | Бесплатные | ||
| 901 | t | Тип документа | m | |
| 930 | a | Новая/Ретро | сборники | |
| 952 | p | 122.2007 40.00 1 876491 | ||
| p | 122.2007 40.00 1 876492 | |||
| c | Вид литературы | К ру | ||
| 954 | a | Дата поступления на обработку | 20070604 | |
| 999 | a | Подразделение 2 | Фил1 |